000 005620000a22002050004500
003 LK-CoMWRAF
005 20231231123049.0
008 230817t1999 ||||| |||| 00| 0 eng d
020 _a9558282006
040 _aLK-CoMWRAF
_dLK-CoMWRAF
_eLK-CoMWRAF
041 _atam
082 _a894.8113
_bKAL
100 _aகாலிதீன்,
_vKalideen, Zaneera
245 _aஒரு தீபம் தீயாகிறது
246 _aOru Deepam Thiyakirathu
260 _bKalutara:
_c1994
300 _axi.,104 p.
650 _aTAMIL FICTION
942 _cBK
999 _c57
_d57